Ρωμανός ο Δ' Διογένης
Αποθηκεύτηκε σε:
| Κύριος συγγραφέας: | |
|---|---|
| Μορφή: | Βιβλίο |
| Γλώσσα: | Greek |
| Δημοσίευση: |
Αθήνα :
Εστία,
1998
|
| Έκδοση: | 4η έκδ. |
| Σειρά: | Νεοελληνική λογοτεχνία (Εστία)
; 159 |
| Θέματα: | |
| Ετικέτες: |
Προσθήκη ετικέτας
Δεν υπάρχουν, Καταχωρήστε ετικέτα πρώτοι!
|
MARC
| LEADER | 00000nam a2200000 i 4500 | ||
|---|---|---|---|
| 001 | 1/103572 | ||
| 008 | 960509s1974 gre d | ||
| 020 | |a 960-05-0596-9 | ||
| 035 | |l 10058523 | ||
| 040 | |a GR-MY-UA |b gre |e aacr | ||
| 041 | 0 | |a gre | |
| 082 | 0 | |a 889.35 | |
| 100 | 1 | |a Κυριαζής, Κώστας Δ., |d 1920- | |
| 245 | 1 | 0 | |a Ρωμανός ο Δ' Διογένης / |c Κώστα Δ. Κυριαζή |
| 250 | |a 4η έκδ. | ||
| 260 | |a Αθήνα : |b Εστία, |c 1998 | ||
| 300 | |a 520 σ. | ||
| 490 | 1 | |a Νεολληνική λογοτεχνία |v ; 159 | |
| 504 | |a Περιέχει βιβλιογραφία | ||
| 650 | 0 | 0 | |a Greek fiction. |
| 650 | 0 | 0 | |a Historical fiction, Greek (Modern) |
| 650 | 0 | 0 | |a Greek literature, Modern. |
| 830 | 0 | |a Νεοελληνική λογοτεχνία (Εστία) |v ; 159 | |
| 852 | |a INST |b CHIOS |e 19960509 |h 889.3 ΚΥΡ |p 005200000128 |q 005200037215 |t BK |y 0 | ||
| 852 | |a INST |b LESVOS |e 20000301 |h 889.35 ΚΥΡ |p 005100024271 |q 005100024271 |t BK |y 0 | ||
| 901 | |a BIBL1-2000-2 | ||
| 909 | |a Χ |b 016356 | ||
| 909 | |a Λ |b 073474 | ||
| 922 | |a 1ΕΛΗ |b 199912 |c ΚΠΣ/ΤΚΑ |d EMVASIS | ||
| 950 | |a 117-1999-12-16 | ||
| 970 | |z 2000/08/ELIDOC | ||